000 01339nam a2200241 i 4500
001 161280
003 ES-MaACL
005 20250731000520.0
008 931025s1762 sp a |||| | spa d
100 1 _aPalafox y Mendoza, Juan de,
_d1600-1659
_9239354
245 1 0 _aObras del ilustrissimo, excelentissimo y venerable siervo de Dios, Don Juan de Palafox y Mendoza,... Obispo de La Puebla de los Angeles y de Osma... Virrey y Capitan General de Nueva-España... :
_bparte II del tomo II : excelencias de San Pedro è injusticias que intervinieron en la muerte de Christo nuestro Bien.
260 _aEn Madrid :
_ben la imprenta de Don Gabriel Ramirez...,
_c1762.
300 _a[44], 619 p. :
_bil. ;
_cFol.
530 _aDisponible en formato digital.
597 _aSign.: a-e4, f2, A-Z4, 2A-2Z4, 3A-3Z4, 4A-4H4, 4p2.
597 _aPort. con grab. calc., escena de S. Pedro.
599 _aLa primera il. es grab. calc.: "G. Gil inv. et sculp" en p. 1, y las demás son grab. calc. representando escenas de San Pedro.
600 0 7 _aPedro,
_cSanto
_2
_9162517
700 1 _aRamírez, Gabriel.
_9131598
852 4 _aES-MaACL
_jR-2007
_z- Enc. piel original de la época
856 4 _uhttps://bibliotecadigital.jcyl.es/es/consulta/registro.do?id=7244
_zBiblioteca Digital de Castilla y León
999 _c161280
_d161280